Fyziológia hospodárskych zvierat 2

Bibliographic Details
Main Authors: Arendarčik, Jozef, 1922-1993 (Author), Molnárová, Marie (Author)
Format: Book
Language:Slovak
PhysicalDescription:260 s. tab., sch. 29 cm
Published: Bratislava Príroda 1986
Edition:2. preprac. vyd.
Series:Vysokoškolské učebné texty
Subjects:

MARC

LEADER 00000nam a2200000 a 4500
001 vtls001085052
003 SK-MaSNL
005 20260301233037.0
008 240517s1986 xo f np 00000 slo
015 |a SNBA1987/08 
035 |a SNK000027891 
040 |a SNK  |b slo  |c SNK  |e AACR2 
041 0 |a slo 
044 |a xo  |c SK 
080 |a 619:636:612(075.8)  |2 1981 
080 |a 636  |2 1981 
080 |a 612(075.8)  |2 1981 
080 |a 636(075.8)  |2 1981 
100 1 |a Arendarčik, Jozef,  |d 1922-1993  |4 aut  |9 39209 
245 1 0 |a Fyziológia hospodárskych zvierat 2  |c Jozef Arendarčik, Marie Molnárová 
250 |a 2. preprac. vyd. 
260 |a Bratislava  |b Príroda  |c 1986  |e Nitra  |f Nitrianske tlačiarne 
300 |a 260 s.  |b tab., sch.  |c 29 cm 
366 |e 500 výtl. 
490 1 |a Vysokoškolské učebné texty 
504 |a Obsahuje bibliografiu 
650 0 7 |a hospodárske zvieratá  |2 SNKPH  |9 1097 
650 0 7 |a fyziológia živočíchov  |2 SNKPH  |9 1093 
655 7 |a učebnice vysokých škôl  |2 SNKPH  |9 70191 
700 1 |a Molnárová, Marie  |4 aut  |9 278601 
830 0 |a Vysokoškolské učebné texty  |9 276539 
852 |a Slovenská národná knižnica 
958 |a NB 
958 |a TL 
958 |a UV 
958 |a OND 
999 |c 964180  |d 966110 
952 |a SNK  |b SNK  |y PREZ  |7 0  |p 17A0823899  |o snkSB 41926/2  |i snkKSP 5476/87  |0 0  |1 0  |4 0  |d 2012-05-16  |f 1  |l 0  |r 2025-04-30 00:00:00  |w 2026-02-24 
952 |a SNK  |b SNK  |y VYP  |7 0  |p 17A0019732  |o snkSB 41926/2 D1  |i snkKSP 5477/87  |0 0  |1 0  |4 0  |d 1996-11-25  |l 0  |r 2004-12-31 00:00:00  |w 2026-02-24